000 00307nam a22001337a 4500
008 170306b xxu||||| |||| 00| 0 eng d
020 _a0397544316
041 _aeng
080 _22ND
_a611
100 _a6
101 _aSHM
245 _aSTUDENT MANUAL OF PHYSICAL EXAMINATION
_cBROWN, M.S
942 _2udc
_cBK
999 _c6894
_d6894